Руководство к практическим занятиям по общей химии: учебное пособие

Détails bibliographiques
Auteur principal: Смолова Л. М. Лариса Михайловна
Collectivité auteur: Национальный исследовательский Томский политехнический университет (ТПУ)
Autres auteurs: Перевезенцева Д. О. Дарья Олеговна
Résumé:В пособии представлены методические материалы по курсу химии в соответствии с ГОСТами. Помимо теоретического материала, в каждом разделе приведены примеры решения задач и упражнения, которые помогут студентам при подготовке к экзамену и выполнении индивидуальных домашних заданий. Предназначено для студентов всех специальностей и направлений, изучающих химию.
Langue:russe
Publié: Томск, Изд-во ТПУ, 2013
Édition:2-е изд.
Sujets:
Format: MixedMaterials Livre
KOHA link:https://koha.lib.tpu.ru/cgi-bin/koha/opac-detail.pl?biblionumber=263833

MARC

LEADER 00000nam0a2200000 4500
001 263833
005 20231101233757.0
035 |a (RuTPU)RU\TPU\book\286823 
035 |a RU\TPU\book\246742 
090 |a 263833 
100 |a 20140611d2013 m y0rusy50 ca 
101 0 |a rus 
102 |a RU 
105 |a a j 001zy 
200 1 |a Руководство к практическим занятиям по общей химии  |e учебное пособие  |f Л. М. Смолова, Д. О. Перевезенцева  |g Национальный исследовательский Томский политехнический университет (ТПУ) 
205 |a 2-е изд. 
210 |a Томск  |c Изд-во ТПУ  |d 2013 
215 |a 152 с.  |c ил. 
320 |a Библиогр.: с. 149. 
330 |a В пособии представлены методические материалы по курсу химии в соответствии с ГОСТами. Помимо теоретического материала, в каждом разделе приведены примеры решения задач и упражнения, которые помогут студентам при подготовке к экзамену и выполнении индивидуальных домашних заданий. Предназначено для студентов всех специальностей и направлений, изучающих химию. 
452 1 |0 (RuTPU)RU\TPU\book\219131  |t Руководство к практическим занятиям по общей химии  |o учебное пособие  |f Л. М. Смолова  |g Национальный исследовательский Томский политехнический университет (ТПУ)  |c Томск  |n Изд-во ТПУ  |d 2010  |a Смолова, Лариса Михайловна 
606 1 |a Химия общая  |2 stltpush  |3 (RuTPU)RU\TPU\subj\67862  |9 83510 
610 1 |a практические занятия 
610 1 |a руководство 
610 1 |a неорганические соединения 
610 1 |a атомно-молекулярное учение 
610 1 |a атомы 
610 1 |a химическая связь 
610 1 |a химическая термодинамика 
610 1 |a химическое равновесие 
610 1 |a химическая кинетика 
610 1 |a растворы 
610 1 |a окислительно-восстановительные реакции 
610 1 |a электрохимические процессы 
610 1 |a учебные пособия 
610 1 |a химия 
610 1 |a труды учёных ТПУ 
675 |a 54(076.5)  |v 3 
700 1 |a Смолова  |b Л. М.  |c химик  |c доцент Томского политехнического университета  |g Лариса Михайловна  |2 stltpush  |3 (RuTPU)RU\TPU\pers\27107 
701 1 |a Перевезенцева  |b Д. О.  |c химик  |c доцент Томского политехнического университета, кандидат химических наук  |f 1979-  |g Дарья Олеговна  |2 stltpush  |3 (RuTPU)RU\TPU\pers\27386 
712 0 2 |a Национальный исследовательский Томский политехнический университет (ТПУ)  |c (2009- )  |2 stltpush  |3 (RuTPU)RU\TPU\col\15902 
801 1 |a RU  |b 63413507  |c 20080607  |g PSBO 
801 2 |a RU  |b 63413507  |c 20221205  |g PSBO 
900 |a Общая химия 
942 |c BK